000 00518nam a2200193 a 4500
001 4004
003 CO-ViMGA
008 141112s2004 ck r 000 u spa d
040 _aCO-ViMGA
_bspa
_cCO-ViMGA
082 0 4 _a101 G172f
100 1 _aGarcía Barrón, Juan Carlos
_954316
245 1 0 _aLa filosofía y las ciencias
260 _aBarcelona :
_bCrítica,
_c1987
300 _a160 p
490 _aEnseñanza - crítica
650 1 4 _aFILOSOFIA - TEORIA
650 1 4 _aFILOSOFIA Y CIENCIA
_954318
942 _2ddc
_cBK
999 _c16022
_d16022